Countries that have Bordered the USA - Statistics

General Stats
  • This quiz has been taken 210 times
    187 since last reset
  • The average score is 9 of 13
Answer Stats
Hint Answer % Correct
1867-Present Canada
99%
1821-Present Mexico
99%
1776-18711945-1955* Great Britain
94%
1800-18031945-1955* France
92%
1776-1821 Spain
90%
1903-Present* Cuba
70%
1836-1845 Texas
69%
1945-1955* USSR
59%
1860-1865 Confederate States
56%
1776-1791 Vermont
56%
1903-1979* Panama
49%
1945-1949* Czechoslovakia
29%
1949-1955* West Germany
24%
No matching quizzes found
Score Distribution
Percent of People with Each Score
Percentile by Number Answered
Your Score History
You have not taken this quiz since the last reset